|
|
|
|
| LEADER |
00000nam0a2200000 4500 |
| 001 |
267062 |
| 005 |
20231031223701.0 |
| 020 |
|
|
|a RU
|b 87-15587
|
| 035 |
|
|
|a (RuTPU)RU\TPU\book\290084
|
| 090 |
|
|
|a 267062
|
| 100 |
|
|
|a 20140721d1987 km y0rusy5003 ca
|
| 101 |
0 |
|
|a rus
|
| 102 |
|
|
|a RU
|
| 105 |
|
|
|a y z 000zy
|
| 200 |
1 |
|
|a Чему учит опыт друзей
|f Э. А. Уткин
|
| 210 |
|
|
|a Москва
|c Политиздат
|d 1987
|
| 215 |
|
|
|a 143 с.
|
| 606 |
1 |
|
|a Мировая система социализма
|x Экономика
|2 stltpush
|3 (RuTPU)RU\TPU\subj\44094
|
| 610 |
1 |
|
|a социалистические страны
|
| 610 |
1 |
|
|a социалистическая система хозяйства
|
| 610 |
1 |
|
|a экономика
|
| 610 |
1 |
|
|a 20 век
|
| 610 |
1 |
|
|a промышленность
|
| 610 |
1 |
|
|a экономический рост
|
| 610 |
1 |
|
|a ускорение
|
| 686 |
|
|
|a У60
|2 rubbk
|
| 700 |
|
1 |
|a Уткин
|b Э. А.
|g Эдуард Андреевич
|4 070
|
| 801 |
|
0 |
|a RU
|b RuMRKP
|c 19950417
|g psbo
|
| 801 |
|
1 |
|a RU
|b 63413507
|c 20140721
|
| 801 |
|
2 |
|a RU
|b 63413507
|c 20151019
|g RCR
|
| 942 |
|
|
|c BK
|